000 00407nmm a2200145Ia 4500
008 251105s9999||||xx |||||||||||||||||und||
041 _aspa
100 _aKentenich, P. José
245 0 _aSantidad, ¡ahora!
264 _a[Santiago de Chile, Chile] :
_bNueva Patris,
_c2011
300 _a248 páginas
650 _aReligion(s)
856 _uhttps://public.digitaliapublishing.com/a/28713
942 _cCF
999 _c104443
_d104443